000 00848nam a2200277 i 4500
001 000010396
003 DO-SdBNP
005 20251008133917.0
007 ta
008 091007s19uu dr 001 p spa d
040 _aDO-SdBNP
_bspa
_cBNPHU
_erda
041 _aspa
082 4 _aRD861.44
_bL318m
_222
100 1 _aLara, Mencia M.,
_eautor
_4aut.
_925412
245 1 0 _aMi corazón se queja /
_cMencia M. Lara.
264 1 _aSanto Domingo, República Dominicana :
_bImprenta la Unión,
_c199-?.
300 _a76 páginas ;
_c21 cm.
336 _atexto
_btxt
_2rdacontent
337 _asin mediación
_bn
_2rdamedia
338 _avolumen
_bnc
_2rdacarrier
590 _aInventariado, 2018/LP
650 4 _aPoesía dominicana
_966
650 4 _aLiteratura dominicana.
_967
910 _aValidado. Control de calidad MMOLINA
942 _2ddc
_cLBS1
999 _c10155
_d10155